Código procesal civil alemán: ZPO
Spremljeno u:
| Glavni autori: | , |
|---|---|
| Format: | Knjiga |
| Jezik: | španjolski |
| Izdano: |
Berlín
Konrad-Adenauer
2006
|
| Izdanje: | 1a. ed |
| Teme: | |
| Oznake: |
Dodaj oznaku
Bez oznaka, Budi prvi tko označuje ovaj zapis!
|
MARC
| LEADER | 00000cam a2200000 a 4500 | ||
|---|---|---|---|
| 001 | UCJ9054 | ||
| 003 | CL-VaPUC | ||
| 008 | 070302e20060000GW |||||||||||||||||spa|d | ||
| 020 | |a 9974794242 | ||
| 082 | 0 | 4 | |a 347.43 |b PER |2 21 |
| 100 | |a Pérez Ragone, Álvaro J. |e autor |9 518956 | ||
| 700 | |a Ortiz Pradillo, Juan Carlos |e author |9 518957 | ||
| 245 | 1 | 0 | |a Código procesal civil alemán: ZPO |
| 250 | |a 1a. ed | ||
| 300 | |a 501 p | ||
| 942 | |c BK | ||
| 945 | |d 20070302 00:00:00 |a cmena | ||
| 260 | |a Berlín |b Konrad-Adenauer |c 2006 | ||
| 650 | 7 | |a DERECHO PROCESAL ALEMAN |2 CL-VaPUC |9 518958 | |
| 650 | 7 | |a CODIGO PROCESAL CIVIL |2 CL-VaPUC |9 518959 | |
| 650 | 0 | |a Fuentes del derecho |9 255162 | |
| 650 | 0 | |a Jurisprudencia |9 255952 | |
| 650 | 0 | |a Tribunales |9 254872 | |
| 650 | 0 | |a Reforma procesal |9 456464 | |
| 651 | 0 | |a Alemania |9 255688 | |
| 583 | |a last modification |c 20120320 02:28:40 |k Rodrigo Vera | ||
| 999 | |c 324693 |d 324691 | ||
| 952 | |0 0 |1 0 |4 0 |6 347_430000000000000_PER_2006 |7 0 |8 A |9 405007 |a BIBDER |b BIBDER |d 2019-11-22 |i 4315669 |o 347.43 PER 2006 |p 4315669 |r 2023-01-25 |w 2019-11-22 |y BK |k DER | ||
| 952 | |0 0 |1 0 |4 0 |6 347_430000000000000_PER_2006 |7 0 |8 A |9 405008 |a BIBDER |b BIBDER |d 2019-11-22 |i 4306260 |o 347.43 PER 2006 |p 4306260 |r 2023-01-25 |w 2019-11-22 |y BK |k DER | ||
| 952 | |0 0 |1 0 |4 0 |6 347_430000000000000_PER_2006 |7 0 |8 A |9 405009 |a BIBDER |b BIBDER |d 2019-11-22 |i 4840208 |l 3 |m 2 |o 347.43 PER 2006 |p 4840208 |r 2023-01-25 |s 2022-05-11 |w 2019-11-22 |y BK |k DER | ||